| 000 | 00738nac a22002537a 4500 | ||
|---|---|---|---|
| 001 | BR9901522 | ||
| 003 | BR-BrBNA | ||
| 005 | 20240105122201.0 | ||
| 008 | 230509b bl.|||m| |||| 00| 0 por d | ||
| 040 |
_aBR-BrBNA _bpor _cBiblioteca Nacional de Agricultura |
||
| 072 | _aH20 | ||
| 090 | _a1112 BR9901522 | ||
| 100 | 1 | _aSuman, R. | |
| 110 | 1 |
_aSecretaria de Defesa Agropecuaria, Brasilia, DF (Brasil) _98722 |
|
| 245 | 1 | _aSigatoka negra: doenca da bananeira | |
| 260 | 3 |
_aBrasilia, DF (Brasil): _c1996. |
|
| 300 | _a12 p. | ||
| 490 |
_aAlerta Quarentenario (Brazil) _vno. 2 _x |
||
| 650 | _aBanana | ||
| 650 | _aFungo | ||
| 650 | _aControle Quimico | ||
| 909 |
_a202312 _bLúcia Elande _c55 _dLúcia Elande |
||
| 942 |
_2AGRIS _n0 _cMS |
||
| 999 |
_c289674 _d289674 |
||